Statistics for Jolly Rancher Flavors

Click here to take the quiz!

General Stats

  • This quiz has been taken 49 times
  • The average score is 9 of 15

Answer Stats

Flavors% Correct
Cherry
93%
Watermelon
88%
Grape
85%
Blue Raspberry
80%
Green Apple
80%
Lemon
78%
Orange
75%
Strawberry
73%
Lime
70%
Peach
50%
Pineapple
48%
Mango
40%
Fruit Punch
25%
Golden Pineapple
10%
Cinnamon Fire
5%

Score Distribution

Percentile by Number Answered

Percent of People with Each Score

Your Score History

You have not taken this quiz